000 00635nam a22001817a 4500
999 _c166536
_d166536
010 _aENG-126090
020 _a978-93-88398-27-5
_c1495.00
035 _aEN-109622
037 _bDBAD/PUB
082 _a658.8
100 _aVenkatesan,T.
245 _aEmerging Issues In Business And Management/
_cedited byT.Venkatesan...[et-al]
260 _aTamil Nadu
_bShanlax Publications
_c2019
270 _a61,T.P.K. Main Road
_bVasantha Nagar Madurai
_e625003
_k7639303383
_mpublisher@shanlaxpublications.com
300 _a293p.
_b2425cm(hb)
500 _aits include index and bibliography
942 _2ddc
_cEN
_h658.8
_mVEN